De las disposiciones comunes a todo procedimiento y de los incidentes.

I tiakina i:
Ngā taipitopito rārangi puna kōrero
Kaituhi matua: Stoehrel Maes, Carlos Alberto
Hōputu: Pukapuka
Reo:Pāniora
I whakaputaina: Santiago, Chile Jurídica de Chile 2007
Putanga:Sexta edición
Ngā marau:
Ngā Tūtohu: Tāpirihia he Tūtohu
Kāore He Tūtohu, Me noho koe te mea tuatahi ki te tūtohu i tēnei pūkete!

MARC

LEADER 00000nam a2200000 a 4500
001 UCI3521
003 CL-VaPUC
005 20241129150144.0
008 071109e20070000CL |||||||||||||||||spa|d
999 |c 327674  |d 327672 
020 |a 9789561018051 
040 |c Pontificia Universidad Católica de Valparaíso 
082 0 4 |a 347.8305 STO 2007  |2 21 
100 0 |a Stoehrel Maes, Carlos Alberto  |9 524872 
245 1 0 |a De las disposiciones comunes a todo procedimiento y de los incidentes. 
250 |a Sexta edición 
260 0 3 |a Santiago, Chile  |b Jurídica de Chile  |c 2007 
300 |a 212 páginas 
583 |a last modification  |c 20071109 00:00:00  |k Rodrigo Vera 
650 0 |a Procedimiento civil  |9 254870 
650 0 |a Juicio  |9 321615 
650 0 |a Costas  |9 261336 
650 7 |a PROCESO  |2 CL-VaPUC  |9 335377 
650 7 |a NOTIFICACIONES  |2 CL-VaPUC  |9 524873 
650 7 |a PLAZOS JUDICIALES  |2 CL-VaPUC  |9 385023 
650 7 |a RESOLUCIONES JUDICIALES  |2 CL-VaPUC  |9 383998 
650 7 |a INCIDENTES  |2 CL-VaPUC  |9 385024 
650 0 |a Competencia  |9 269688 
650 0 |a Abandono de instancia  |9 385025 
650 7 |a DEMANDA  |2 CL-VaPUC  |9 255172 
942 |c BK  |2 ddc 
945 |d 20071109 00:00:00  |a jtorresc 
952 |0 0  |1 0  |2 ddc  |4 0  |6 347_830500000000000_STO_2007  |7 0  |8 A  |9 410824  |a BIBDER  |b BIBDER  |d 2019-11-22  |i 4386167  |l 8  |m 4  |o 347.8305 STO 2007  |p 4386167  |r 2025-04-09  |s 2025-04-03  |t 1  |w 2019-11-22  |y BK  |k DER 
952 |0 0  |1 0  |2 ddc  |4 0  |6 347_830500000000000_STO_2007  |7 0  |8 A  |9 410825  |a BIBDER  |b BIBDER  |d 2019-11-22  |i 4430921  |l 1  |m 2  |o 347.8305 STO 2007  |p 4430921  |q 2025-12-31  |r 2024-01-30  |s 2024-01-30  |t 2  |w 2019-11-22  |y BK  |k DER